Climate change policy : facts, issues, and analyses
Αποθηκεύτηκε σε:
| Κύριος συγγραφέας: | |
|---|---|
| Συλλογικό Έργο: | , , |
| Άλλοι συγγραφείς: | |
| Μορφή: | Βιβλίο |
| Γλώσσα: | English |
| Δημοσίευση: |
New York :
Cambridge University Press,
1998
|
| Θέματα: | |
| Ετικέτες: |
Προσθήκη ετικέτας
Δεν υπάρχουν, Καταχωρήστε ετικέτα πρώτοι!
|
MARC
| LEADER | 00000cam a2200000 i 4500 | ||
|---|---|---|---|
| 001 | 1/15490 | ||
| 008 | 010122s1998 eng d | ||
| 020 | |a 0-521-59688-2 | ||
| 035 | |l 10065426 | ||
| 040 | |a GR-MY-UA |b gre |e aacr | ||
| 041 | 0 | |a eng | |
| 082 | 0 | |a 551.6 | |
| 100 | 1 | |a Jepma, C. J. | |
| 110 | 2 | |a Netherlands. | |
| 245 | 1 | 0 | |a Climate change policy : |b facts, issues, and analyses / |c Catrinus J. Jepma, Mohan Munasinghe |
| 260 | |a New York : |b Cambridge University Press, |c 1998 | ||
| 300 | |a xv, 331 p. | ||
| 500 | |a Sponsored by the government of the Nethrlands. Consponsored by the Stockholm Environmnent Institute and the Beijer Institute of Ecological Economics | ||
| 504 | |a Includes bibliographical references and index | ||
| 650 | 0 | 0 | |a Climatic changes |x Decision making. |
| 650 | 0 | 0 | |a Greenhouse effect, Atmospheric. |
| 700 | 1 | |a Munasinghe, Mohan |d 1945- | |
| 710 | 2 | |a Stockholm Environment Institute. | |
| 710 | 2 | |a Beijer Institute of Ecological Economics. | |
| 852 | |a INST |b CHIOS |e 20010122 |h 551.6 JEP |p 005200021543 |q 005200021543 |t BK |y 0 | ||
| 901 | |a BIBL2-2001-1 | ||
| 909 | |a Χ |b 083390 | ||
| 970 | |a ΣΠΕΝΤΖΑ |b ΕΛΕΝΗ |z 2001/01/22 | ||